Banderas "elementales" - Estadísticas

Estadísticas generales
  • Esta prueba ha sido intentada 60 veces
    59 desde el último reinicio
  • La puntuación promedio es 15 de 35
Estadísticas de respuestas
Imagen Respuesta % Correcto
Aluminio
81%
Cobre
77%
Calcio
72%
Francio
70%
Bromo
67%
Litio
67%
Oro
67%
Cromo
63%
Bario
56%
Germanio
56%
Polonio
56%
Cobalto
53%
Indio
49%
Argón
47%
Berilio
47%
Iridio
44%
Sodio
44%
Bismuto
42%
Galio
42%
Neón
42%
Molibdeno
40%
Níquel
40%
Rutenio
37%
Selenio
37%
Silicio
37%
Lantano
30%
Erbio
26%
Lutecio
23%
Tántalo
23%
Titanio
21%
Einstenio
19%
Holmio
16%
Renio
16%
Nobelio
12%
Protactinio
2%
No se encontraron pruebas coincidentes
Distribución de puntuación
Porcentaje de gente con cada puntuación
Porcentaje por número respondido
Historial de tus puntuaciones
No has intentado esta prueba desde el último reinicio